000 00622nam a22002297a 4500
003 UA-OsUOA
001 49423
007 ta
008 20071004b un ||||| |||| 00| 0 ukr d
100 _aТимофеева В.
090 _a82.09
_bТ41
942 _cBK
040 _aUA-OsUOA
_brus
_cUA-OsUOA
_dUA-OsUOA
245 _aЯзык поэта и время. Поэтический язык Маяковского
300 _a315 с.
955 _a1
041 _arus
080 _a82.09
260 _aМ.
_c1962
650 7 _a82 Література. Літературознавство
_2UDC
999 _c335528
_d335528